Holiday Quiz

Random Holiday or Clickable Quiz

What to do on different holidays Quiz Stats

 Plays Quiz not verified by Sporcle

Also try: Holiday Facts
Challenge
Share
Tweet
Embed
Score 0/12 Timer 10:00
0 Plays Today
% Correct
Christmas
93.5%
Martin Luther King Jr. Day
90.3%
Halloween
90.3%
Arbor Day
87.1%
Thanksgiving
87.1%
St. Patrick's Day
87.1%
Easter
87.1%
United Nations Day
83.9%
Veterans Day
83.9%
Independence Day
80.6%
Valentine's Day
80.6%
New Year's Eve
77.4%

You're not logged in!

Compare scores with friends on all Sporcle quizzes.
OR
Log In

You Might Also Like...

Show Comments

Extras

Created May 31, 2014ReportNominate
Tags:Clickable Quiz, different

Top Quizzes Today


Score Distribution

Your Account Isn't Verified!

In order to create a playlist on Sporcle, you need to verify the email address you used during registration. Go to your Sporcle Settings to finish the process.

Report this User

Report this user for behavior that violates our Community Guidelines.

Details: